Charakterizácia štruktúr s čiernym kremíkom pre fotovoltické aplikácie
Salvato in:
| Autore principale: | |
|---|---|
| Altri autori: | |
| Natura: | Manoscritto Libro |
| Lingua: | slovacco |
| Pubblicazione: |
2018
|
| Soggetti: | |
| Accesso online: | http://is.stuba.sk/zp/portal_zp.pl?podrobnosti=124015 |
| Tags: |
Nessun Tag, puoi essere il primo ad aggiungerne!!
|
MARC
| LEADER | 00000ntm a22000003a 4500 | ||
|---|---|---|---|
| 001 | stuzp65843 | ||
| 003 | SK-STU | ||
| 005 | 20181008090841.6 | ||
| 007 | ta | ||
| 008 | 150427s2015----xo-----f-mn---000-0-slo-d | ||
| 040 | |a STU |b slo | ||
| 041 | 0 | |a slo | |
| 044 | |a xo | ||
| 100 | 1 | |a Tomka, Samuel |u 033000 |4 aut |U FEI Fakulta elektrotechniky a informatiky |T FEI Ústav elektroniky a fotoniky |X 80609 |U E030 |Y 549 |7 80609 | |
| 242 | 0 | 1 | |a Characterisation of Structures with Black Silicon for Photovoltaic Applications |y eng |
| 245 | 1 | 0 | |a Charakterizácia štruktúr s čiernym kremíkom pre fotovoltické aplikácie |
| 260 | |c 2018 | ||
| 300 | |a 62 s., |b CD-ROM | ||
| 650 | 4 | |a MOS structure |2 eng | |
| 650 | 4 | |a interface states |2 eng | |
| 650 | 4 | |a Black Silicon |2 eng | |
| 650 | 4 | |a photovoltaics |2 eng | |
| 650 | 4 | |a poruchové stavy |2 slo | |
| 650 | 4 | |a čierny kremík |2 slo | |
| 650 | 4 | |a MOS štruktúra |2 slo | |
| 650 | 4 | |a fotovoltika |2 slo | |
| 700 | 1 | |a Mikolášek, Miroslav |u 033000 |k Z2 |4 ths |U FEI Fakulta elektrotechniky a informatiky |T FEI Ústav elektroniky a fotoniky |X 27049 |U E030 |Y 549 |7 A000027049 | |
| 856 | 4 | |u http://is.stuba.sk/zp/portal_zp.pl?podrobnosti=124015 | |
| 996 | |b 284ER02581 |c E*Bc- 2581 |l EE33 |s P |a 0 |w stuzp65843_0001 | ||